[Event "TCh-CHN 2015"]
[Site "China CHN"]
[Date "2015.12.10"]
[Round "21.3"]
[Board "1"]
[White "Malakhov, Vladimir"]
[Black "Gao, Rui"]
[Result "1/2-1/2"]
[WhiteTitle "GM"]
[BlackTitle "GM"]
[WhiteElo "2706"]
[BlackElo "2533"]
[WhiteTeam "Tianjing"]
[BlackTeam "Hangzhou"]
[WhiteFideId "4120787"]
[BlackFideId "8602387"]
[EventDate "2015.04.10"]

1. c4 Nf6 2. Nc3 e5 3. Nf3 Nc6 4. g3 g6 5. Bg2 Bg7 6. O-O O-O 7. d3 Re8 8. Rb1
e4 9. dxe4 Nxe4 10. Nxe4 Rxe4 11. b3 d6 12. Bb2 Bxb2 13. Rxb2 Qf6 14. Rd2 Re8
15. Nd4 Nxd4 16. Rxd4 Rb8 17. e3 Be6 18. Qd2 Qe5 19. h4 Qc5 20. Bd5 h5 21. b4
Qb6 22. a3 Qa6 23. Qc3 c5 24. bxc5 dxc5 25. Rd2 b5 26. cxb5 Qxb5 27. Rc1 Rbc8
28. Bxe6 Rxe6 29. Rd5 Ra6 30. Qe5 Re6 31. Qc3 Ra6 32. Rcd1 Qb6 33. e4 c4 34.
R1d4 Ra4 35. e5 Re8 36. Rf4 Qe6 37. Rc5 Rd8 38. Rfxc4 Rxc4 39. Qxc4 Qxc4 40.
Rxc4 Rd5 41. e6 fxe6 42. Rc8+ Kg7 43. Rc7+ Kf6 44. Rxa7 Rd1+ 45. Kg2 Ra1 46. a4
e5 47. Ra6+ Kf5 48. f3 Ra2+ 49. Kh3 Ra3 50. Ra8 Ke6 51. Kg2 Ra2+ 52. Kf1 Kd5 53.
a5 Ra1+ 54. Kg2 Ra2+ 55. Kh3 Kd4 56. g4 Ke3 57. gxh5 gxh5 58. Kg3 Ra1 59. Rb8
Rg1+ 60. Kh2 Ra1 61. Kg2 Rxa5 62. Rb4 Kd3 63. Re4 Rb5 64. Kf2 Ra5 65. Kg3 Rb5
66. Ra4 Ke3 67. Ra3+ Kd4 68. Ra8 Ke3 69. Rh8 Rb1 70. Rxh5 Rg1+ 71. Kh2 Rg8 72.
Rg5 Rf8 73. Rxe5+ Kxf3 74. Kh3 Kf4 75. Re1 Rh8 76. Rf1+ Ke5 77. Rf2 Ke6 78. Rf4
Ke7 79. Kg4 Rf8 80. Rxf8 1/2-1/2

[Event "TCh-CHN 2015"]
[Site "China CHN"]
[Date "2015.12.10"]
[Round "21.3"]
[Board "3"]
[White "Ma, Qun"]
[Black "Bai, Jinshi"]
[Result "1/2-1/2"]
[WhiteTitle "GM"]
[BlackTitle "IM"]
[WhiteElo "2609"]
[BlackElo "2518"]
[WhiteTeam "Tianjing"]
[BlackTeam "Hangzhou"]
[WhiteFideId "8603154"]
[BlackFideId "8602280"]
[EventDate "2015.04.10"]

1. c4 c5 2. Nf3 Nc6 3. d4 cxd4 4. Nxd4 Nf6 5. Nc3 e6 6. a3 Nxd4 7. Qxd4 b6 8. b4
Ba6 9. Bb2 Rc8 10. e3 Be7 11. Rd1 O-O 12. Bd3 Qc7 13. Nb5 Bxb5 14. cxb5 Ne8 15.
O-O Bf6 16. Qe4 g6 17. Rc1 Qb8 18. Rxc8 Qxc8 19. Rc1 Qb8 20. Bxf6 Nxf6 21. Qc4
Rd8 22. g3 Ne8 23. h4 Qe5 24. Bf1 Kf8 25. Qd3 Ke7 26. f4 Qb8 27. Qd2 Rc8 28.
Rxc8 Qxc8 29. e4 Nf6 30. Bd3 d6 31. Qb2 h5 32. Kg2 Ng4 33. Be2 Qc2 34. Qxc2 Ne3+
35. Kf2 Nxc2 36. Bd3 Nd4 37. e5 Nf5 38. Kf3 f6 39. exd6+ Kxd6 40. Be4 e5 41.
fxe5+ Kxe5 42. Bc6 g5 43. Be8 Nd4+ 44. Kf2 gxh4 45. a4 Nc2 46. a5 Nd4 1/2-1/2

[Event "TCh-CHN 2015"]
[Site "China CHN"]
[Date "2015.12.10"]
[Round "21.3"]
[Board "4"]
[White "Lei, Tingjie"]
[Black "Ni, Shiqun"]
[Result "1-0"]
[WhiteTitle "WGM"]
[BlackTitle "WIM"]
[WhiteElo "2444"]
[BlackElo "2315"]
[WhiteTeam "Hangzhou"]
[BlackTeam "Tianjing"]
[WhiteFideId "8605114"]
[BlackFideId "8608466"]
[EventDate "2015.04.10"]

1. Nf3 c5 2. c4 Nc6 3. d4 cxd4 4. Nxd4 e6 5. Nc3 Nf6 6. g3 Qb6 7. Nb3 Ne5 8. e4
Bb4 9. Qe2 d6 10. f4 Nc6 11. Be3 Qc7 12. Bg2 a5 13. O-O Bxc3 14. bxc3 e5 15. c5
dxc5 16. Bxc5 b6 17. Ba3 Ba6 18. c4 a4 19. Nd2 O-O-O 20. Rab1 Kb7 21. Nf3 Nd4
22. Nxd4 Bxc4 23. Rfc1 Rxd4 24. Qb2 Nd7 25. fxe5 Qxe5 26. Qf2 Rd3 27. Rxc4 Rxa3
28. Rd4 Kc7 29. Rc1+ Nc5 30. Rd5 Qe7 31. Rdxc5+ bxc5 32. Rxc5+ Kb8 33. Rb5+ 1-0

[Event "TCh-CHN 2015"]
[Site "China CHN"]
[Date "2015.12.10"]
[Round "21.4"]
[Board "1"]
[White "Li, Di"]
[Black "Zhao, Jun"]
[Result "1/2-1/2"]
[WhiteTitle "FM"]
[BlackTitle "GM"]
[WhiteElo "2277"]
[BlackElo "2621"]
[WhiteTeam "Chengdu"]
[BlackTeam "Shandong"]
[WhiteFideId "8607508"]
[BlackFideId "8602522"]
[EventDate "2015.04.10"]

1. Nf3 c5 2. g3 g6 3. Bg2 Bg7 4. O-O Nc6 5. e4 d6 6. c3 e5 7. d3 Nge7 8. Nbd2
O-O 9. a3 h6 10. b4 Be6 11. Bb2 a6 12. Rb1 b5 13. Re1 Qd7 14. d4 cxd4 15. cxd4
exd4 16. Nb3 Bxb3 17. Qxb3 a5 18. Qd1 axb4 19. axb4 Ra2 20. Bf1 Qb7 21. Re2 Rfa8
22. Nxd4 Rxb2 23. Nxc6 Rxb1 24. Nxe7+ Qxe7 25. Qxb1 Ra4 26. Qb3 Qe5 27. Re3 Qe7
28. Re2 Qe5 29. Re3 Bf6 30. h4 Kg7 31. Kg2 Qd4 32. Bxb5 Rxb4 33. Qd3 Qc5 34. Be8
Rb8 35. Ba4 Qd4 1/2-1/2

[Event "TCh-CHN 2015"]
[Site "China CHN"]
[Date "2015.12.10"]
[Round "21.4"]
[Board "2"]
[White "Xu, Xiangyu CHN"]
[Black "Wen, Yang"]
[Result "1/2-1/2"]
[BlackTitle "GM"]
[WhiteElo "2243"]
[BlackElo "2573"]
[WhiteTeam "Chengdu"]
[BlackTeam "Shandong"]
[WhiteFideId "8608288"]
[BlackFideId "8602956"]
[EventDate "2015.04.10"]

1. e4 d6 2. Nc3 e5 3. Nf3 Nf6 4. d4 Nbd7 5. Bc4 Be7 6. O-O O-O 7. a4 c6 8. dxe5
Nxe5 9. Nxe5 dxe5 10. Bg5 Nd7 11. Bd2 Nc5 12. Be3 Qc7 13. Qb1 Be6 14. Qa2 Bxc4
15. Qxc4 Ne6 16. Rfd1 a5 17. Nb1 Rfd8 18. Nd2 Bg5 19. Bxg5 Nxg5 20. Nb3 Ne6 21.
Nc5 Nxc5 22. Qxc5 b6 23. Qc3 Rd6 24. Rxd6 Qxd6 25. Re1 Rd8 26. Kf1 h6 27. b3 Qe6
28. Re3 Rd1+ 29. Ke2 Rd4 30. f3 Qg6 31. Kf2 Qf6 32. g3 c5 33. Ke1 c4 34. Re2 Qg5
35. Rd2 Rxd2 1/2-1/2

[Event "TCh-CHN 2015"]
[Site "China CHN"]
[Date "2015.12.10"]
[Round "21.4"]
[Board "3"]
[White "Liu, Guanchu"]
[Black "Liu, Qingnan"]
[Result "1-0"]
[WhiteTitle "IM"]
[BlackTitle "IM"]
[WhiteElo "2379"]
[BlackElo "2510"]
[WhiteTeam "Chengdu"]
[BlackTeam "Shandong"]
[WhiteFideId "8603901"]
[BlackFideId "8603294"]
[EventDate "2015.04.10"]

1. e4 d6 2. d4 g6 3. Nc3 Bg7 4. f4 Nf6 5. Nf3 O-O 6. Bd3 Na6 7. O-O c5 8. d5 Nc7
9. Qe1 e6 10. dxe6 fxe6 11. e5 Nfd5 12. Ne4 Ne8 13. Neg5 Qe7 14. Qg3 c4 15. Be4
dxe5 16. Nxh7 Nxf4 17. Bxf4 Rxf4 18. Qxg6 Bd7 19. Rad1 Nd6 20. Nhg5 Nxe4 21.
Qh7+ Kf8 22. Nxe4 Bc6 23. Nfg5 Bxe4 24. Nxe4 Rd8 25. Rde1 Kf7 26. Qh5+ Kg8 27.
Ng5 Rd6 28. g3 Rf6 29. Qh7+ Kf8 30. Qg6 Kg8 31. Rxf6 Qxf6 32. Qh7+ Kf8 33. Rf1 1-0

[Event "TCh-CHN 2015"]
[Site "China CHN"]
[Date "2015.12.10"]
[Round "21.4"]
[Board "4"]
[White "Xiao, Yiyi"]
[Black "Li, Yunshan"]
[Result "1-0"]
[WhiteTitle "WFM"]
[BlackTitle "WFM"]
[WhiteElo "2218"]
[BlackElo "1916"]
[WhiteTeam "Shandong"]
[BlackTeam "Chengdu"]
[WhiteFideId "8606161"]
[BlackFideId "8607664"]
[EventDate "2015.04.10"]

1. d4 Nf6 2. c4 g6 3. g3 c6 4. Bg2 d5 5. Nf3 Bg7 6. Qb3 Qb6 7. O-O O-O 8. Nc3
Rd8 9. Rd1 Bf5 10. Ne1 Be6 11. c5 Qxb3 12. axb3 Na6 13. Bf4 Nh5 14. Be3 Nc7 15.
h3 f5 16. Nd3 Nf6 17. Bf4 Nce8 18. Ra4 Nd7 19. Rda1 a6 20. e3 h6 21. h4 Kh7 22.
Rb4 Ra7 23. Na4 a5 24. Nb6 Ra6 25. Rba4 Nxb6 26. cxb6 Rxb6 27. Rxa5 Bf7 28. Nc5
Nd6 29. Ra8 Rxa8 30. Rxa8 Rb4 31. Ra7 Kg8 32. Bxd6 exd6 33. Nxb7 Bf8 34. Na5 c5
35. Nc6 Rb5 36. Nd8 Be8 37. Bxd5+ Kh8 38. Ne6 cxd4 39. Bc4 Re5 40. Nxf8 1-0

[Event "TCh-CHN 2015"]
[Site "China CHN"]
[Date "2015.12.10"]
[Round "21.4"]
[Board "5"]
[White "Xu, Huahua"]
[Black "Ren, Xiaoyi"]
[Result "1-0"]
[WhiteTitle "WIM"]
[WhiteElo "2105"]
[BlackElo "2211"]
[WhiteTeam "Shandong"]
[BlackTeam "Chengdu"]
[WhiteFideId "8604096"]
[BlackFideId "8608709"]
[EventDate "2015.04.10"]

1. e4 d6 2. d4 Nf6 3. Nc3 c6 4. Nf3 Qc7 5. a4 e5 6. dxe5 dxe5 7. Bc4 h6 8. h3
Bb4 9. O-O O-O 10. Qe2 Nbd7 11. Na2 Be7 12. Nh4 Nb6 13. Bb3 Nfd5 14. exd5 Bxh4
15. c4 Be7 16. Nc3 Bf5 17. Be3 Nd7 18. Rad1 Rad8 19. Ba2 a5 20. f4 e4 21. Qf2 h5
22. c5 Bf6 23. d6 Qb8 24. Ne2 Rfe8 25. Nd4 Bh7 26. Nb3 Qa7 27. g4 Ra8 28. g5 Bd8
29. f5 Ne5 30. Nd2 Nd3 31. Qg2 g6 32. Nxe4 Nb4 33. Bb3 Nd5 34. Rxd5 cxd5 35.
Bxd5 Qa6 36. Qf3 Rf8 37. Bd4 gxf5 38. Nf6+ Bxf6 39. Bxf6 Qa7 40. Bd4 Rad8 41.
Qc3 Qa6 42. Qf3 Ra8 43. Bf6 Qa7 44. Bd4 Rad8 45. Qc3 Rc8 46. c6 bxc6 47. Bxa7
cxd5 48. Qf6 Rc6 49. Bd4 1-0

[Event "TCh-CHN 2015"]
[Site "China CHN"]
[Date "2015.12.10"]
[Round "21.5"]
[Board "2"]
[White "Wan, Yunguo"]
[Black "Zhou, Jianchao"]
[Result "1/2-1/2"]
[WhiteTitle "IM"]
[BlackTitle "GM"]
[WhiteElo "2477"]
[BlackElo "2578"]
[WhiteTeam "Heibei"]
[BlackTeam "Shanghai"]
[WhiteFideId "8603189"]
[BlackFideId "8603537"]
[EventDate "2015.04.10"]

1. e4 c5 2. Nf3 e6 3. c3 Nf6 4. e5 Nd5 5. d4 cxd4 6. cxd4 d6 7. Bc4 Be7 8. O-O
Nc6 9. Qe2 O-O 10. Nc3 dxe5 11. dxe5 Nxc3 12. bxc3 b6 13. Qe4 Qc7 14. Re1 Bb7
15. Qg4 Rfd8 16. Bh6 Bf8 17. Bg5 Ne7 18. Bb3 Qxc3 19. Rac1 Qa5 20. Bxe6 Bxf3 21.
gxf3 fxe6 22. Bxe7 Bxe7 23. Qxe6+ Kf8 24. Qf5+ Kg8 25. Qe6+ Kf8 26. Qf5+ Kg8 27.
Qe6+ 1/2-1/2

[Event "TCh-CHN 2015"]
[Site "China CHN"]
[Date "2015.12.10"]
[Round "21.5"]
[Board "3"]
[White "Zhang, Pengxiang"]
[Black "Ni, Hua"]
[Result "1-0"]
[WhiteTitle "GM"]
[BlackTitle "GM"]
[WhiteElo "2570"]
[BlackElo "2704"]
[WhiteTeam "Heibei"]
[BlackTeam "Shanghai"]
[WhiteFideId "8600970"]
[BlackFideId "8601160"]
[EventDate "2015.04.10"]

1. d4 Nf6 2. Nf3 d5 3. c4 e6 4. Nc3 Bb4 5. e3 O-O 6. Bd3 b6 7. O-O Bb7 8. a3
Bxc3 9. bxc3 dxc4 10. Bxc4 c5 11. Bd3 Nbd7 12. Bb2 Qc7 13. c4 Rfd8 14. Qe2 Be4
15. Rfd1 Bxd3 16. Qxd3 cxd4 17. exd4 Rac8 18. Rac1 Qb7 19. Qb3 Rc7 20. Nd2 Rdc8
21. Nf1 Nh5 22. Re1 Nf4 23. Qg3 Ng6 24. Qb3 Nf4 25. Qg3 Ng6 26. Qb3 Nf6 27. Ne3
Nf4 28. d5 exd5 29. Bxf6 gxf6 30. Qc3 Qc6 31. Qd4 Ne6 32. Qxf6 Nf8 33. Qg5+ Qg6
34. Qxd5 Rc5 35. Qb7 Qc6 36. Qxc6 R8xc6 37. Rcd1 Ng6 38. Rd4 Kg7 39. f4 Ra5 40.
Nd5 Nh4 41. Ne7 Rcc5 42. Re3 Ra4 43. Rg3+ Kf8 44. Rd7 Ng6 45. f5 Raxc4 46. fxg6
Rc1+ 47. Kf2 R1c2+ 48. Ke3 R2c3+ 49. Ke4 hxg6 50. Rxc3 Rxc3 51. Rxa7 Rc2 52. Kf3
Rc3+ 53. Kf2 Rc2+ 54. Kg3 Rc3+ 55. Kg4 Rc2 56. Kh3 Rc5 57. g3 Rh5+ 58. Kg2 Rc5
59. Kf3 Rc3+ 60. Kf4 Rc2 61. Nd5 1-0

[Event "TCh-CHN 2015"]
[Site "China CHN"]
[Date "2015.12.10"]
[Round "21.6"]
[Board "2"]
[White "Zhou, Weiqi"]
[Black "Wang, Yiye"]
[Result "1-0"]
[WhiteTitle "GM"]
[BlackTitle "IM"]
[WhiteElo "2627"]
[BlackElo "2433"]
[WhiteTeam "Chongqing"]
[BlackTeam "Beijing"]
[WhiteFideId "8601674"]
[BlackFideId "8606021"]
[EventDate "2015.04.10"]

1. c4 c5 2. g3 Nc6 3. Bg2 g6 4. Nc3 Bg7 5. e3 Nf6 6. Nge2 O-O 7. O-O d6 8. d4
Bg4 9. h3 Bxe2 10. Nxe2 cxd4 11. exd4 d5 12. b3 Rc8 13. Bg5 dxc4 14. bxc4 h6 15.
Be3 Na5 16. c5 Nd5 17. Bd2 Nc4 18. Rc1 b5 19. Bc3 e5 20. Ba1 Ne7 21. a4 exd4 22.
axb5 Rxc5 23. Nxd4 Nb2 24. Bxb2 Rxc1 25. Bxc1 Bxd4 26. Bxh6 Re8 27. Bg5 Qd6 28.
Bf4 Qf6 29. Qe2 Rc8 30. Rd1 Nf5 31. Bc6 Rd8 32. Kh2 Kh7 33. Rd2 a6 34. Qg4 Rh8
35. Bd7 Bc3 36. Rd5 Nh6 37. Qe2 axb5 38. Rxb5 Ra8 39. Rb7 Bd4 40. h4 Ra1 41. Bh3
Ra7 42. Rb5 Ng8 43. h5 Ne7 44. hxg6+ fxg6 45. Bg4 Kg7 46. Kg2 Nf5 47. Bxf5 gxf5
48. Qc4 Rd7 49. Rb8 Qf7 50. Qxf7+ Kxf7 51. Kf3 Ra7 52. Rd8 Ra3+ 53. Kg2 Ba7 54.
Ra8 Bc5 55. Rc8 Rc3 56. Bd2 Rc2 57. Be3 1-0

[Event "TCh-CHN 2015"]
[Site "China CHN"]
[Date "2015.12.11"]
[Round "22.1"]
[White "Mu, Ke"]
[Black "Zhou, Weiqi"]
[Result "0-1"]
[BlackTitle "GM"]
[WhiteElo "2392"]
[BlackElo "2627"]
[WhiteTeam "Qingdao"]
[BlackTeam "Chongqing"]
[WhiteFideId "8602778"]
[BlackFideId "8601674"]
[EventDate "2015.04.10"]

1. Nf3 Nf6 2. g3 d5 3. Bg2 c6 4. O-O Bf5 5. d3 e6 6. c4 Be7 7. Qb3 Qb6 8. Be3
Qxb3 9. axb3 a6 10. Nc3 Nbd7 11. Nd4 Bg6 12. Nc2 O-O 13. cxd5 Nxd5 14. Nxd5 exd5
15. b4 Rfe8 16. Rfe1 Bd6 17. Bd2 Rad8 18. Nd4 f6 19. Bc3 Nf8 20. Bh3 Bf7 21. Bg2
Bg6 22. Red1 Rd7 23. Bf1 Bf7 24. Rdc1 Ng6 25. Rc2 Bf8 26. Bh3 Rdd8 27. Bf1 Ne7
28. Bh3 Ng6 29. Bf1 Ne5 30. Bg2 Nd7 31. Nb3 Bd6 32. Nd4 Nb6 33. Bf3 Nc8 34. Nb3
Re7 35. Nd4 Ree8 36. Nb3 Na7 37. Nd4 Bg6 38. Kf1 Be5 39. Rcc1 Bf7 40. Kg2 Bg6
41. h4 h5 42. Kf1 Re7 43. Kg2 Bc7 44. Bd2 Bd6 45. Bc3 Be5 46. Ra5 Kh7 47. Raa1
Bc7 48. Bd2 Bd6 49. Bc3 Rde8 50. Ra5 Bc7 51. Raa1 Bb6 52. Rh1 Kg8 53. Rac1 Kf7
54. Rhd1 Rd7 55. Ra1 Kf8 56. Rdc1 Bf7 57. Rd1 Bg6 58. Rh1 Rde7 59. Rac1 Nb5 60.
Nxb5 axb5 61. Ra1 Re6 62. g4 hxg4 63. Bxg4 Rxe2 64. Bxe2 Rxe2 65. Ra8+ Kf7 66.
Rb8 Bxf2 67. Rxb7+ Kg8 68. Rh3 d4 69. h5 0-1

[Event "TCh-CHN 2015"]
[Site "China CHN"]
[Date "2015.12.11"]
[Round "22.1"]
[White "Ma, Zhonghan"]
[Black "Wang, Chen"]
[Result "1/2-1/2"]
[WhiteTitle "IM"]
[BlackTitle "IM"]
[WhiteElo "2468"]
[BlackElo "2500"]
[WhiteTeam "Qingdao"]
[BlackTeam "Chongqing"]
[WhiteFideId "8607206"]
[BlackFideId "8601020"]
[EventDate "2015.04.10"]

1. d4 Nf6 2. c4 e6 3. Nf3 b6 4. g3 Ba6 5. b3 Bb4+ 6. Bd2 Be7 7. Bg2 O-O 8. O-O
Bb7 9. Bc3 d5 10. Nbd2 Nbd7 11. Bb2 c5 12. Rc1 Rc8 13. e3 h6 14. Qe2 dxc4 15.
Nxc4 b5 16. Nce5 a6 17. Rfd1 Nxe5 18. Nxe5 Bxg2 19. Kxg2 Qd5+ 20. Kg1 cxd4 21.
Bxd4 Qb7 22. Qf3 Qxf3 23. Nxf3 Ba3 24. Rxc8 Rxc8 25. Bxf6 gxf6 26. Nd4 Bb2 27.
Rd2 Bxd4 28. Rxd4 Rc2 29. a4 1/2-1/2

[Event "TCh-CHN 2015"]
[Site "China CHN"]
[Date "2015.12.11"]
[Round "22.1"]
[White "Huang, Qian"]
[Black "Zhou, Jianchao"]
[Result "1-0"]
[WhiteTitle "WGM"]
[BlackTitle "GM"]
[WhiteElo "2473"]
[BlackElo "2578"]
[WhiteTeam "Chongqing"]
[BlackTeam "Shanghai"]
[WhiteFideId "8602689"]
[BlackFideId "8603537"]
[EventDate "2015.04.10"]

1. d4 Nf6 2. Nf3 e6 3. c4 d5 4. Nc3 Be7 5. Bg5 h6 6. Bxf6 Bxf6 7. e3 O-O 8. Qb3
c6 9. Be2 b6 10. O-O Bb7 11. Rfd1 Nd7 12. Rac1 Qe7 13. cxd5 exd5 14. Ne1 Rfd8
15. Qa4 Nf8 16. b4 Ne6 17. Nd3 a6 18. Qc2 a5 19. a3 axb4 20. axb4 Rdc8 21. Bg4
Ba6 22. b5 Bb7 23. bxc6 Bxc6 24. Qb3 Qd6 25. Nb4 Rd8 26. Nxc6 Qxc6 27. Bf3 Rac8
28. Bxd5 Qd7 29. Bf3 Rb8 30. Qb5 Qxb5 31. Nxb5 Rdc8 32. g3 Bd8 33. Bc6 Kf8 34.
Kg2 Be7 35. h4 Nd8 36. Bd5 Ne6 37. f4 g6 38. Kf3 Rxc1 39. Rxc1 Bd8 40. Ke2 Ke7
41. Kd3 Ng7 42. Ra1 Ne6 43. Ra7+ Kf8 44. Bxe6 fxe6 45. Ke4 Bf6 46. Nc7 b5 47.
Nxe6+ Kg8 48. Nc5 Bd8 49. Rb7 Rxb7 1-0

[Event "TCh-CHN 2015"]
[Site "China CHN"]
[Date "2015.12.11"]
[Round "22.2"]
[Board "2"]
[White "Yu, Yangyi"]
[Black "Wan, Yunguo"]
[Result "1/2-1/2"]
[WhiteTitle "GM"]
[BlackTitle "IM"]
[WhiteElo "2724"]
[BlackElo "2477"]
[WhiteTeam "Beijing"]
[BlackTeam "Heibei"]
[WhiteFideId "8603820"]
[BlackFideId "8603189"]
[EventDate "2015.04.10"]

1. d4 Nf6 2. c4 g6 3. Nc3 d5 4. Bg5 Bg7 5. Bxf6 Bxf6 6. cxd5 c6 7. e4 cxd5 8.
Nxd5 Bg7 9. Bb5+ Bd7 10. Rc1 Bc6 11. Nf3 O-O 12. Bc4 b5 13. Bd3 Bxd5 14. exd5
Nd7 15. O-O a6 16. Qb3 Nf6 17. Rc5 Nd7 18. Rc6 Nf6 19. d6 exd6 20. Qa3 d5 21.
Rxa6 Rxa6 22. Qxa6 Qa8 23. Qxa8 Rxa8 24. a3 Rb8 25. Rc1 Ne4 26. Kf1 h6 27. Rc7
Ng5 28. Ne5 Ne6 29. Rd7 Nxd4 30. Rxd5 Ne6 31. Nc6 Rb6 32. Na5 Bxb2 33. Bxb5 Nc7
34. Rd8+ Kg7 35. Bc4 Bxa3 36. Rd7 Ne6 37. g3 Kf8 38. Ra7 Bc5 39. Nb3 Be7 40. h4
h5 41. Nd2 Nc5 42. Ra2 Bf6 43. Nf3 Rb7 44. Kg2 Kg7 45. Ra5 Rc7 46. Bd5 Bc3 47.
Rb5 Bf6 48. Nd2 Bd4 49. Nf3 Bf6 50. Ra5 Bc3 51. Ra3 Bf6 52. Ra8 Rd7 53. Bc4 Rc7
54. Bd5 Nd3 55. Be4 Ne5 56. Nxe5 1/2-1/2

[Event "TCh-CHN 2015"]
[Site "China CHN"]
[Date "2015.12.11"]
[Round "22.2"]
[Board "3"]
[White "Xiu, Deshun"]
[Black "Mamedyarov, Shakhriyar"]
[Result "0-1"]
[WhiteTitle "GM"]
[BlackTitle "GM"]
[WhiteElo "2557"]
[BlackElo "2743"]
[WhiteTeam "Beijing"]
[BlackTeam "Heibei"]
[WhiteFideId "8603693"]
[BlackFideId "13401319"]
[EventDate "2015.04.10"]

1. d4 Nf6 2. c4 e6 3. Nf3 d5 4. g3 dxc4 5. Bg2 Bd7 6. Ne5 Bc6 7. Nxc6 Nxc6 8.
Qa4 Qd7 9. O-O Nxd4 10. Qxc4 b5 11. Qd3 Rd8 12. Be3 a6 13. a4 Nf5 14. Qxd7+ Nxd7
15. Ba7 b4 16. e4 Nd6 17. Rc1 c5 18. Nd2 Nc8 0-1

[Event "TCh-CHN 2015"]
[Site "China CHN"]
[Date "2015.12.11"]
[Round "22.2"]
[Board "4"]
[White "Dzagnidze, Nana"]
[Black "Zhao, Xue"]
[Result "0-1"]
[WhiteTitle "GM"]
[BlackTitle "GM"]
[WhiteElo "2566"]
[BlackElo "2527"]
[WhiteTeam "Heibei"]
[BlackTeam "Beijing"]
[WhiteFideId "13601903"]
[BlackFideId "8601283"]
[EventDate "2015.04.10"]

1. Nf3 Nf6 2. c4 b6 3. g3 c5 4. Bg2 Bb7 5. O-O g6 6. Nc3 Bg7 7. d3 O-O 8. e4 Nc6
9. Bg5 h6 10. Be3 e6 11. Qd2 Kh7 12. d4 Na5 13. e5 Ng4 14. b3 Nxe3 15. Qxe3 cxd4
16. Nxd4 Bxg2 17. Kxg2 d6 18. exd6 Qxd6 19. Rad1 Rad8 20. Nde2 Qe7 21. Qf3 f5
22. h4 Qf7 23. Rfe1 Kg8 24. Nf4 e5 25. Rxd8 Rxd8 26. Nfd5 Nc6 27. a4 Nd4 28. Qd1
e4 29. Re3 Nf3 30. Ne2 Ne5 31. Nd4 Rxd5 32. cxd5 Qxd5 33. Rc3 Nf3 34. Rc8+ Kh7
35. Qc1 Nxd4 36. Qc4 Qxc4 37. bxc4 Nb3 38. Rc7 a5 39. Rb7 Nd2 40. Rxb6 Nxc4 41.
Rc6 Nb2 42. Rc5 Nxa4 43. Rxa5 Nb2 44. h5 Nc4 45. Rd5 Ne5 46. hxg6+ Kxg6 47. Rb5
Bf6 48. Rb6 Kg5 49. Rb8 h5 50. Rg8+ Kh6 51. Rf8 Kg7 52. Re8 Kf7 53. Rb8 h4 54.
Rb5 hxg3 55. Kxg3 Kg6 56. Kf4 Nd3+ 57. Ke3 Bg5+ 58. Ke2 Nf4+ 59. Kf1 Bh4 60. Rb3
Nd5 61. Ra3 Kf6 62. Rh3 Bg5 63. Ra3 Ke5 64. Ra4 Bd8 65. Ra7 Bb6 66. Rb7 Bc5 67.
Rb8 f4 68. Re8+ Kd4 69. Rd8 f3 70. Ke1 Ke5 71. Rc8 Bb4+ 72. Kf1 Nf4 73. Re8+ Kf5
74. Rc8 Nd3 75. Rb8 Bc5 76. Rc8 Ke5 77. Re8+ Kd5 78. Rd8+ Kc4 79. Rc8 Nxf2 80.
Re8 Kd3 81. Rd8+ Bd4 82. Rf8 Ng4 0-1

[Event "TCh-CHN 2015"]
[Site "China CHN"]
[Date "2015.12.11"]
[Round "22.2"]
[Board "5"]
[White "Zhai, Mo"]
[Black "Harika, Dronavalli"]
[Result "0-1"]
[WhiteTitle "WIM"]
[BlackTitle "GM"]
[WhiteElo "2324"]
[BlackElo "2508"]
[WhiteTeam "Heibei"]
[BlackTeam "Beijing"]
[WhiteFideId "8600201"]
[BlackFideId "5015197"]
[EventDate "2015.04.10"]

1. d4 e6 2. c4 Bb4+ 3. Nc3 b6 4. Nf3 Nf6 5. Qc2 Bb7 6. a3 Bxc3+ 7. Qxc3 d6 8. e3
Ne4 9. Qc2 Nd7 10. Be2 O-O 11. O-O f5 12. d5 exd5 13. Nd4 Qf6 14. cxd5 Bxd5 15.
f3 Ng5 16. Bd3 g6 17. Bc4 Bxc4 18. Qxc4+ Kh8 19. Qxc7 Nc5 20. Qc6 Nge6 21. Qd5
Qe5 22. Qxe5+ dxe5 23. Nxe6 Nxe6 24. Bd2 Kg8 25. Bc3 e4 26. fxe4 fxe4 27. Rad1
Rad8 28. Rxf8+ Kxf8 29. Bb4+ Ke8 30. Rc1 a5 31. Bc3 Rd5 32. Kf1 Nc5 33. Bd4 Rf5+
34. Kg1 Nb3 35. Rd1 Rd5 36. Kf2 Kd7 37. Ke2 Kc6 38. h4 h5 39. Bc3 Rxd1 40. Kxd1
Kd5 41. Kc2 a4 42. Bb4 Kc4 43. Be7 Na1+ 44. Kb1 Nb3 45. Kc2 Na5 46. Bd8 Kc5 47.
Kc3 Nc4 48. Bg5 b5 49. Bf6 Kd5 50. Bg5 Ne5 51. Kb4 Kc6 52. Kc3 Kd5 53. Kb4 Kc6
54. Kc3 Nd3 55. Bf6 Kd5 56. Bg7 Ne1 57. g3 Nd3 58. Bh6 Ke5 59. Bf4+ Kf5 60. Kd4
Nxb2 61. Kc5 Nc4 62. Kxb5 Nxa3+ 63. Kxa4 Nc4 64. Kb4 Nd2 65. Kc5 Kg4 66. Kd5 Kf3
67. Ke5 Nf1 68. Kf6 Nxe3 69. Kxg6 Ng2 70. Bd2 Kg4 0-1

[Event "TCh-CHN 2015"]
[Site "China CHN"]
[Date "2015.12.11"]
[Round "22.3"]
[Board "1"]
[White "Zhou, Jianchao"]
[Black "Zhao, Yuanhe"]
[Result "1-0"]
[WhiteTitle "GM"]
[WhiteElo "2578"]
[BlackElo "2217"]
[WhiteTeam "Shanghai"]
[BlackTeam "Chengdu"]
[WhiteFideId "8603537"]
[BlackFideId "8609497"]
[EventDate "2015.04.10"]

1. c4 Nf6 2. Nc3 c5 3. g3 Nc6 4. Bg2 g6 5. e3 d6 6. Nge2 Bg7 7. d4 Bd7 8. b3 h5
9. h3 Qc8 10. d5 Nb4 11. a3 Na6 12. e4 O-O 13. Bd2 Rb8 14. Nb5 Ra8 15. Bc3 Re8
16. Ra2 Bxb5 17. cxb5 Nc7 18. a4 e6 19. Qa1 Qd8 20. O-O exd5 21. exd5 Kh7 22.
Nf4 Bh8 23. Re1 Rxe1+ 24. Qxe1 Qf8 25. Qb1 h4 26. Qa1 Nd7 27. Re2 Ne5 28. gxh4
Qh6 29. Re4 Re8 30. h5 g5 31. Nd3 Nxd5 32. Nxe5 Nxc3 33. Qxc3 Bxe5 34. Qf3 Kg7
35. Qg4 Rf8 36. Re3 f5 37. Qe2 Qf6 38. Bxb7 f4 39. Rd3 Re8 40. Bd5 Re7 41. Qg4
Kh6 42. Rd2 Bd4 43. Re2 Rxe2 44. Qxe2 Qe5 45. Qc2 Qe8 46. Bf3 Kg7 47. Kg2 Qe6
48. a5 d5 49. b6 c4 50. Qd2 Qf6 51. b7 Be5 52. bxc4 dxc4 53. Qb4 Qd8 54. Qc5 Qc7
55. Qxa7 Kh6 56. Qa6+ Bd6 57. Qa8 Kg7 58. a6 c3 59. a7 c2 60. b8=Q c1=Q 61. Qh8+ 1-0